Gaming Quiz

Random Gaming or Minecraft Quiz

Minecraft Mobs Quiz Stats

 Plays Quiz not verified by Sporcle

Challenge
Share
Tweet
Embed
Score 0/31 Timer 10:00
0 Plays Today
Answer % Correct
Zombie
95.7%
Pig
91.3%
Cow
87%
Enderman
87%
Wither
87%
Spider
82.6%
Chicken
78.3%
Skeleton
78.3%
Wither Skeleton
78.3%
Zombie Pigman
78.3%
Creeper
73.9%
Ender Dragon
73.9%
Sheep
73.9%
Blaze
69.6%
Ghast
69.6%
Magma Cube
65.2%
Answer % Correct
Ocelot
65.2%
Villager
65.2%
Wolf
65.2%
Cave Spider
60.9%
Slime
56.5%
Bat
52.2%
Silverfish
52.2%
Zombie Villager
52.2%
Horse
52.2%
Witch
47.8%
Snow Golem
43.5%
Iron Golem
43.5%
Spider Jockey
39.1%
Squid
39.1%
Mooshroom
34.8%

You're not logged in!

Compare scores with friends on all Sporcle quizzes.
Join for Free
OR
Log In

You Might Also Like...

Show Comments

Extras

Top Quizzes Today


Score Distribution

Your Account Isn't Verified!

In order to create a playlist on Sporcle, you need to verify the email address you used during registration. Go to your Sporcle Settings to finish the process.

Report this User

Report this user for behavior that violates our Community Guidelines.

Details: